Missing Word: 'R' #1s Quiz Stats

 Plays Quiz Updated Dec 12, 2013

Support Sporcle.
Go Orange.
Score 0/20 Timer 03:00
1 Play Today
Single Title 'R' Word % Correct
I Love ____ 'n' RollRock
97.3%
Everybody Wants to ____ the WorldRule
91.8%
Roses Are ____ (My Love)Red
91.1%
____ My BellRing
90.6%
Doesn't ____ MatterReally
88.2%
____ in the DeepRolling
88%
____ Keep Fallin' on My HeadRaindrops
83.7%
Mrs. ____Robinson
82.3%
Ticket to ____Ride
82.1%
____ Your GlassRaise
82%
Single Title 'R' Word % Correct
End of the ____Road
79.7%
Kiss from a ____Rose
79.6%
Help Me, ____Rhonda
61.5%
____ CowboyRhinestone
56.8%
____ BoyRude
55.6%
How You ____ MeRemind
51.7%
Right ____Round
46.4%
____ Out I'll Be ThereReach
37.7%
Cracklin' ____Rosie
35.4%
____ GirlRich
28.1%

Today's Daily Dose

You're not logged in!

Compare scores with friends on all Sporcle quizzes.
OR
Log In

From the Vault

30 Two-Word 'S' Musicians Match-Up

by SporcleEXP

Savage Puppy? Soft Minds? Sonic Ballet? The possibilities are endless!
Remove Ads.
Support Sporcle.
Get the best of Sporcle when you Go Orange. This ad-free experience offers more features, more stats, and more fun while also helping to support Sporcle. Thank you for becoming a member.

Show Comments

Extras

Top Quizzes Today


Score Distribution

Your Account Isn't Verified!

In order to create a playlist on Sporcle, you need to verify the email address you used during registration. Go to your Sporcle Settings to finish the process.

Report this User

Report this user for behavior that violates our Community Guidelines.

Details: